| 000 | 00737nam a2200217Ia 4500 | ||
|---|---|---|---|
| 003 | OSt | ||
| 005 | 20220926045539.0 | ||
| 006 | a|||||r|||| 00| 0 | ||
| 007 | ta | ||
| 008 | 220923b |||||||| |||| 00| 0 eng d | ||
| 037 | _cGeneral Book | ||
| 040 |
_aRTL _cRTL _beng |
||
| 041 |
_2eng _aeng |
||
| 082 | _aX65.9581.1N45.N78r, L8,9 | ||
| 110 |
_aUNITED NATIONS, BOARD (Joint staff pension-),. GENERAL ASSEMBLY, OFFICIAL RECORDS:33rd SESSION _9350351 |
||
| 245 | 0 | _aReport | |
| 500 | _aSupplement no. 9(A/33/9) | ||
| 700 |
_aUNITED NATIONS, BOARD (Joint staff pension-),. GENERAL ASSEMBLY, OFFICIAL RECORDS:33rd SESSION _9350352 |
||
| 942 |
_hX65.9581.1N45.N78r, L8,9 _cGB _2CC |
||
| 999 |
_c677941 _d677941 |
||